<?xml version="1.0" encoding="UTF-8"?>
<record
    xmlns:xsi="http://www.w3.org/2001/XMLSchema-instance"
    xsi:schemaLocation="http://www.loc.gov/MARC21/slim http://www.loc.gov/standards/marcxml/schema/MARC21slim.xsd"
    xmlns="http://www.loc.gov/MARC21/slim">

  <leader>03271nam a22002897a 4500</leader>
  <controlfield tag="005">20240219163952.0</controlfield>
  <controlfield tag="008">240219b           ||||| |||| 00| 0 eng d</controlfield>
  <datafield tag="020" ind1=" " ind2=" ">
    <subfield code="a">9780764573712</subfield>
  </datafield>
  <datafield tag="040" ind1=" " ind2=" ">
    <subfield code="c">AL</subfield>
  </datafield>
  <datafield tag="041" ind1=" " ind2=" ">
    <subfield code="a">English</subfield>
  </datafield>
  <datafield tag="082" ind1=" " ind2=" ">
    <subfield code="2">23</subfield>
    <subfield code="a">006.7</subfield>
    <subfield code="b">BOBC</subfield>
  </datafield>
  <datafield tag="100" ind1=" " ind2=" ">
    <subfield code="a">Bob Boiko</subfield>
    <subfield code="9">152017</subfield>
  </datafield>
  <datafield tag="245" ind1=" " ind2=" ">
    <subfield code="a">Content Management Bible</subfield>
  </datafield>
  <datafield tag="250" ind1=" " ind2=" ">
    <subfield code="a">2</subfield>
  </datafield>
  <datafield tag="260" ind1=" " ind2=" ">
    <subfield code="a">Indiana US State</subfield>
    <subfield code="b">Wiley Publishing Inc</subfield>
    <subfield code="c">2005</subfield>
  </datafield>
  <datafield tag="300" ind1=" " ind2=" ">
    <subfield code="a">xxxix,1065 p.</subfield>
    <subfield code="b">PB</subfield>
    <subfield code="c">23x19 cm.</subfield>
  </datafield>
  <datafield tag="365" ind1=" " ind2=" ">
    <subfield code="a">7802</subfield>
    <subfield code="b">&#x20B9;3079.00</subfield>
    <subfield code="c">&#x20B9;</subfield>
    <subfield code="d">&#x20B9;3849.00</subfield>
    <subfield code="e">20%</subfield>
    <subfield code="f">19-02-2024</subfield>
  </datafield>
  <datafield tag="520" ind1=" " ind2=" ">
    <subfield code="a">* Written by one of the leading experts in content management systems (CMS), this newly revised bestseller guides readers through the confusing-and often intimidating-task of building, implementing, running, and managing a CMS
* Updated to cover recent developments in online delivery systems, as well as XML and related technologies
* Reflects valuable input from CMS users who attended the author's workshops, conferences, and courses


</subfield>
  </datafield>
  <datafield tag="521" ind1=" " ind2=" ">
    <subfield code="a">TABLE OF CONTENTS :
Introduction. Part I: What Is Content? Chapter 1: Defining Data, Information, and Content. Chapter 2: Content Has Format. Chapter 3: Content Has Structure. Chapter 4: Functionality Is Content, Too! Chapter 5: But What Is Content Really? Part II: What Is Content Management? Chapter 6: Understanding Content Management. Chapter 7: Introducing the Major Parts of a CMS. Chapter 8: Knowing When You Need a CMS. Chapter 9: Component Management versus Composition Management. Chapter 10: The Roots of Content Management. Chapter 11: The Branches of Content Management. Part III: Doing Content Management Projects. Chapter 12: Doing CM Projects Simply. Chapter 13: Staffing a CMS. Chapter 14: Working within the Organization. Chapter 15: Getting Ready for a CMS. Chapter 16: Securing a Project Mandate. Chapter 17: Doing Requirements Gathering. Chapter 18: Doing Logical Design. Chapter 19: Selecting Hardware and Software. Chapter 20: Implementing the System. Chapter 21: Rolling Out the System. Part IV: Designing a CMS. Chapter 22: Designing a CMS Simply. Chapter 23: The Wheel of Content Management. Chapter 24: Working with Metadata. Chapter 25: Cataloging Audiences. Chapter 26: Designing Publications. Chapter 27: Designing Content Types. Chapter 28: Accounting for Authors. Chapter 29: Accounting for Acquisition Sources. Chapter 30: Designing Content Access Structures. Chapter 31: Designing Templates. Chapter 32: Designing Personalization. Chapter 33: Designing Workflow and Staffing Models. Part V: Building a CMS. Chapter 34: Building a CMS Simply. Chapter 35: What Are Content Markup Languages? Chapter 36: XML and Content Management. Chapter 37: Processing Content. Chapter 38: Building Collection Systems. Chapter 39: Building Management Systems. Chapter 40: Building Publishing Systems. * An essential reference showing anyone involved in information delivery systems how to plan and implement a system that can handle large amounts of information and help achieve an organization's overall goals.</subfield>
  </datafield>
  <datafield tag="650" ind1=" " ind2=" ">
    <subfield code="a">What is content?</subfield>
    <subfield code="9">152007</subfield>
  </datafield>
  <datafield tag="650" ind1=" " ind2=" ">
    <subfield code="a">What is content management?</subfield>
    <subfield code="9">152008</subfield>
  </datafield>
  <datafield tag="650" ind1=" " ind2=" ">
    <subfield code="a">Projects</subfield>
    <subfield code="9">152009</subfield>
  </datafield>
  <datafield tag="650" ind1=" " ind2=" ">
    <subfield code="a">CMS</subfield>
    <subfield code="9">152010</subfield>
  </datafield>
  <datafield tag="650" ind1=" " ind2=" ">
    <subfield code="a">Designing a CMS</subfield>
    <subfield code="9">152011</subfield>
  </datafield>
  <datafield tag="700" ind1=" " ind2=" ">
    <subfield code="a">BOB (Boiko)</subfield>
    <subfield code="9">152012</subfield>
  </datafield>
  <datafield tag="942" ind1=" " ind2=" ">
    <subfield code="2">ddc</subfield>
    <subfield code="c">BK</subfield>
  </datafield>
  <datafield tag="999" ind1=" " ind2=" ">
    <subfield code="c">229874</subfield>
    <subfield code="d">229874</subfield>
  </datafield>
  <datafield tag="952" ind1=" " ind2=" ">
    <subfield code="0">0</subfield>
    <subfield code="1">0</subfield>
    <subfield code="2">ddc</subfield>
    <subfield code="4">0</subfield>
    <subfield code="7">0</subfield>
    <subfield code="8">CAA</subfield>
    <subfield code="a">AL</subfield>
    <subfield code="b">AL</subfield>
    <subfield code="d">2024-02-19</subfield>
    <subfield code="e">Biblios Book Point Surathkal Mangalore 575014</subfield>
    <subfield code="g">3079.00</subfield>
    <subfield code="l">1</subfield>
    <subfield code="o">006.7 BOBC</subfield>
    <subfield code="p">077119</subfield>
    <subfield code="r">2024-07-03 00:00:00</subfield>
    <subfield code="s">2024-02-20</subfield>
    <subfield code="v">3849.00</subfield>
    <subfield code="w">2024-02-19</subfield>
    <subfield code="y">BK</subfield>
  </datafield>
</record>
